Geography Quiz

Random Geography or City Quiz

50 Busiest US Airports Quiz Stats

 Plays Quiz not verified by Sporcle

Score 0/50 Timer 05:00
0 Plays Today
% Correct
O'Hare
96.8%
John F. Kennedy
96.8%
Los Angeles
96.6%
Hartsfield-Jackson Atlanta
95.9%
Miami
94%
Seattle-Tacoma
93.6%
San Diego
93.4%
LaGuardia
93.3%
San Francisco
92.8%
Washington Dulles
92.8%
Newark Liberty
92.6%
McCarran
90.1%
Logan
89.8%
Denver
89.5%
Ronald Reagan Washington
88.6%
Midway
88.2%
Orlando
87.6%
Philadelphia
87.4%
Detroit
87.2%
Baltimore-Washington
87.2%
Portland
86.3%
Phoenix Sky Harbor
86.1%
William P. Hobby
85.1%
Minneapolis-St.Paul
84.7%
Charlotte/Douglas
84.2%
% Correct
George Bush
83.1%
Tampa
81.3%
Dallas/Fort Worth
80.9%
Dallas Love Field
79.6%
Cleveland-Hopkins
79.3%
Lambert-St. Louis
78%
Honolulu
76.6%
Memphis
76.4%
Nashville
75.3%
Louis Armstrong New Orleans
74.9%
Pittsburgh
74.7%
Salt Lake City
74%
Austin-Bergstrom
73%
San Antonio
72.3%
Kansas City
71.8%
Indianapolis
71.5%
Raleigh-Durham
66.4%
Oakland
65.8%
General Mitchell
65%
Fort Lauderdale
62.5%
San Jose
62.5%
Sacramento
62.3%
John Wayne-Orange County
50.1%
Luis Muñoz Marín
41.2%
Southwest Florida
32.4%

You're not logged in!

Compare scores with friends on all Sporcle quizzes.
OR
Log In

Show Comments

Extras

Top Quizzes Today


Score Distribution

Your Account Isn't Verified!

In order to create a playlist on Sporcle, you need to verify the email address you used during registration. Go to your Sporcle Settings to finish the process.

Report this User

Report this user for behavior that violates our Community Guidelines.

Details: